Active design (Record no. 107014)

MARC details
000 -LEADER
fixed length control field 01458cad a22002655a 4500
001 - CONTROL NUMBER
control field L138130
008 - FIXED-LENGTH DATA ELEMENTS--GENERAL INFORMATION
fixed length control field 070518s2007 xxko f 000 0 eng d
035 ## - SYSTEM CONTROL NUMBER
System control number (Sirsi) u138130
041 0# - LANGUAGE CODE
Language code of text/sound track or separate title eng
050 04 - LIBRARY OF CONGRESS CALL NUMBER
Classification number 711.58 $2 18
110 2# - MAIN ENTRY--CORPORATE NAME
Corporate name or jurisdiction name as entry element Sport England
9 (RLIN) 3763
245 00 - TITLE STATEMENT
Title Active design
Remainder of title promoting opportunities for sport and physical activity through good design
Medium [electronic resource]
260 ## - PUBLICATION, DISTRIBUTION, ETC.
Place of publication, distribution, etc. London
Name of publisher, distributor, etc. Sport England
Date of publication, distribution, etc. 2007
520 ## - SUMMARY, ETC.
Summary, etc. Promotes ease of access to sport and activity-based facilities for future communities. Provides guidance for master planners and urban designers. Guidance is focused on three main factors: accessibility of facilities, environmental quality around those amenities, and enhanced awareness of the availability of the facilities. These are applied within the context of everyday life, informal recreation, and formal sports and leisure activities. Factors addressed include housing, transport, and town and open space planning.
590 ## - LOCAL NOTE (RLIN)
Local note KA
650 24 - SUBJECT ADDED ENTRY--TOPICAL TERM
Topical term or geographic name entry element PLANNING POLICY STATEMENT ONE
650 24 - SUBJECT ADDED ENTRY--TOPICAL TERM
Topical term or geographic name entry element PLANNING POLICY STATEMENT 3
650 24 - SUBJECT ADDED ENTRY--TOPICAL TERM
Topical term or geographic name entry element PLANNING POLICY STATEMENT 6
650 24 - SUBJECT ADDED ENTRY--TOPICAL TERM
Topical term or geographic name entry element PLANNING POLICY STATEMENT 15
650 24 - SUBJECT ADDED ENTRY--TOPICAL TERM
Topical term or geographic name entry element PLANNING POLICY STATEMENT 22
651 #4 - SUBJECT ADDED ENTRY--GEOGRAPHIC NAME
Geographic name England and Wales
Chronological subdivision 1543-
690 ## - LOCAL SUBJECT ADDED ENTRY--TOPICAL TERM (OCLC, RLIN)
Topical term or geographic name as entry element Planning and development
9 (RLIN) 6259
856 40 - ELECTRONIC LOCATION AND ACCESS
Uniform Resource Identifier <a href="https://www.sportengland.org/planning_active_design">https://www.sportengland.org/planning_active_design</a>
Public note View the item free of charge at www.sportengland.org/planning_active_design...
942 ## - ADDED ENTRY ELEMENTS (KOHA)
Suppress in OPAC 0
Holdings
Withdrawn status Lost status Source of classification or shelving scheme Damaged status Not for loan Home library Current library Shelving location Date acquired Total Checkouts Full call number Barcode Date last seen Copy number Price effective from Koha item type
    Dewey Decimal Classification     Virtual Virtual Online 18/05/2007   ONLINE PUBLICATION 138130-1001 06/08/2019 1 06/08/2019 Book